<?xml version="1.0" encoding="UTF-8"?><?xml-stylesheet type="text/xsl" href="static/style.xsl"?><OAI-PMH xmlns="http://www.openarchives.org/OAI/2.0/" xmlns:xsi="http://www.w3.org/2001/XMLSchema-instance" xsi:schemaLocation="http://www.openarchives.org/OAI/2.0/ http://www.openarchives.org/OAI/2.0/OAI-PMH.xsd"><responseDate>2026-04-14T04:05:59Z</responseDate><request verb="GetRecord" identifier="oai:www.recercat.cat:2117/103941" metadataPrefix="marc">https://recercat.cat/oai/request</request><GetRecord><record><header><identifier>oai:recercat.cat:2117/103941</identifier><datestamp>2025-07-17T15:27:26Z</datestamp><setSpec>com_2072_1033</setSpec><setSpec>col_2072_452951</setSpec></header><metadata><record xmlns="http://www.loc.gov/MARC21/slim" xmlns:dcterms="http://purl.org/dc/terms/" xmlns:xsi="http://www.w3.org/2001/XMLSchema-instance" xmlns:doc="http://www.lyncode.com/xoai" xsi:schemaLocation="http://www.loc.gov/MARC21/slim http://www.loc.gov/standards/marcxml/schema/MARC21slim.xsd">
   <leader>00925njm 22002777a 4500</leader>
   <datafield ind2=" " ind1=" " tag="042">
      <subfield code="a">dc</subfield>
   </datafield>
   <datafield ind2=" " ind1=" " tag="720">
      <subfield code="a">Martínez Franco, Miguel</subfield>
      <subfield code="e">author</subfield>
   </datafield>
   <datafield ind2=" " ind1=" " tag="260">
      <subfield code="c">2017-02-21</subfield>
   </datafield>
   <datafield ind2=" " ind1=" " tag="520">
      <subfield code="a">Este proyecto final de grado se inicia a partir del interés sobre el número de accidentes&#xd;
mortales produccidos en la edificación. Y dicho interés se despierta tras observar los datos de&#xd;
tasa de accidentalidad reflejados en el observatorio estatal de condiciones de trabajo (OECT).&#xd;
Desde el OECT se puede identificar el riesgo con mayor número de accidentes mortales, y éste&#xd;
corresponde al riesgo de caídas a distinto nivel. Por lo que consideré intolerable que se&#xd;
produjeran situaciones y áreas de trabajo con dicho riesgo. Ningún operario ni técnico&#xd;
responsable debe permitir o estar sometido a unas condiciones de trabajo tan extremas.&#xd;
A partir de la necesidad de crear ambientes de trabajo seguros, este estudio pretende&#xd;
identificar las fases expuestas a dicho riesgo y clasificarlas en función de la gravedad del&#xd;
riesgo. Ofreciendo soluciones y medidas de seguridad para contrarestar el riesgo.&#xd;
Dicho estudio se expone a través de datos bibliográficos recopilados en manuales de&#xd;
prevención, fichas técnicas, notas técnicas de prevención… Generando un sistema de fácil&#xd;
comprensión e identificación, relacionando: fase, riesgo y medida de seguridad.&#xd;
Este estudio identifica las fases expuestas a riesgo mediante tablas de riesgo y ofrece las&#xd;
medidas de seguridad a emplear mediante tablas de control. Y finalmente da instrucciones&#xd;
sobre la instalación y uso de las medidas de seguridad.</subfield>
   </datafield>
   <datafield tag="653" ind2=" " ind1=" ">
      <subfield code="a">Àrees temàtiques de la UPC::Edificació::Seguretat en la construcció</subfield>
   </datafield>
   <datafield tag="653" ind2=" " ind1=" ">
      <subfield code="a">Industrial safety</subfield>
   </datafield>
   <datafield tag="653" ind2=" " ind1=" ">
      <subfield code="a">Building--Accidents</subfield>
   </datafield>
   <datafield tag="653" ind2=" " ind1=" ">
      <subfield code="a">Seguretat en el treball</subfield>
   </datafield>
   <datafield tag="653" ind2=" " ind1=" ">
      <subfield code="a">Construcció -- Accidents -- Prevenció</subfield>
   </datafield>
   <datafield tag="653" ind2=" " ind1=" ">
      <subfield code="a">Construcció -- Mesures de seguretat</subfield>
   </datafield>
   <datafield tag="653" ind2=" " ind1=" ">
      <subfield code="a">Treballadors -- Protecció</subfield>
   </datafield>
   <datafield ind2="0" ind1="0" tag="245">
      <subfield code="a">Estudio técnico del riesgo de caídas en altura en las diferentes fases constructivas</subfield>
   </datafield>
</record></metadata></record></GetRecord></OAI-PMH>